MARC details
| 000 -LEADER |
| campo de control de longitud fija |
00870nac a22002777a 4500 |
| 003 - IDENTIFICADOR DE NÚMERO DE CONTROL |
| campo de control |
Co-PeBPM |
| 005 - FECHA Y HORA DE LA ÚLTIMA TRANSACCIÓN |
| campo de control |
20240415222514.0 |
| 007 - CAMPO FIJO DE DESCRIPCIÓN FÍSICA--INFORMACIÓN GENERAL |
| campo de control de longitud fija |
ta |
| 008 - DATOS DE LONGITUD FIJA--INFORMACIÓN GENERAL |
| campo de control de longitud fija |
240415s2005 |||||||| |||| 00| 0 spa d |
| 020 ## - NÚMERO INTERNACIONAL ESTÁNDAR DEL LIBRO |
| Número Internacional Estándar del Libro |
8498150388 |
| 040 ## - FUENTE DE CATALOGACIÓN |
| Centro catalogador/agencia de origen |
Co-PeBPM |
| Lengua de catalogación |
spa |
| Centro/agencia transcriptor |
Co-PeBPM |
| Normas de descripción |
rda |
| 041 ## - CÓDIGO DE IDIOMA |
| Código de lengua del texto/banda sonora o título independiente |
spa |
| 082 04 - NÚMERO DE LA CLASIFICACIÓN DECIMAL DEWEY |
| Número de clasificación |
861 J91s |
| Número de edición |
22 |
| 100 1# - ENTRADA PRINCIPAL--NOMBRE DE PERSONA |
| Nombre de persona |
Juan de la Cruz, Santo, |
| Fechas asociadas al nombre |
1542-1951 |
| Término indicativo de función/relación |
autor |
| 245 14 - MENCIÓN DEL TÍTULO |
| Título |
San Juan y santa Teresa |
| Mención de responsabilidad, etc. |
/ San Juan de la Cruz, Santa Teresa de Jesús |
| 260 14 - PUBLICACIÓN, DISTRIBUCIÓN, ETC. |
| Lugar de publicación, distribución, etc. |
Madrid |
| Nombre del editor, distribuidor, etc. |
: Diario El País, |
| Fecha de publicación, distribución, etc. |
2005 |
| 300 ## - DESCRIPCIÓN FÍSICA |
| Extensión |
143 páginas |
| Dimensiones |
20 centímetros |
| 490 ## - MENCIÓN DE SERIE |
| Mención de serie |
Clásicos Españoles |
| 500 ## - NOTA GENERAL |
| Nota general |
Incluye índice |
| 546 ## - NOTA DE IDIOMA |
| Nota de lengua/lenguaje |
spa |
| 650 14 - PUNTO DE ACCESO ADICIONAL DE MATERIA--TÉRMINO DE MATERIA |
| Término de materia o nombre geográfico como elemento de entrada |
Poesías españolas |
| Fuente del encabezamiento o término |
Lemb |
| 650 14 - PUNTO DE ACCESO ADICIONAL DE MATERIA--TÉRMINO DE MATERIA |
| Término de materia o nombre geográfico como elemento de entrada |
Literatura española |
| Fuente del encabezamiento o término |
Lemb |
| 700 ## - ENTRADA AGREGADA--NOMBRE PERSONAL |
| Nombre de persona |
Teresa de Jesús, Santa, |
| Fechas asociadas al nombre |
1515-1582 |
| Término indicativo de función/relación |
coautora |
| 942 ## - ELEMENTOS DE ENTRADA SECUNDARIOS (KOHA) |
| Fuente del sistema de clasificación o colocación |
Clasificación Decimal Dewey |
| Tipo de ítem Koha |
Libros |
| Suprimir en OPAC |
No |